000 00637nam a22002297a 4500
003 UA-OsUOA
001 96085
007 ta
008 20130314b un ||||| |||| 00| 0 ukr d
100 _aКурбатов К.
090 _a821.161.1
_bК93
942 _cBK
040 _aUA-OsUOA
_brus
_cUA-OsUOA
_dUA-OsUOA
245 _aВолшебная гайка
_bрассказы
300 _a93 с.
955 _a3
041 _arus
080 _a821.161.1
260 _aЛенинград
_bДетская литература
_c1969
650 7 _a82 Література. Літературознавство
_2UDC
999 _c382331
_d382331